=LDR 00000nam 2200000 4500 =001 INLIS000000000015136 =005 20130612110421 =008 ***********************************Ind** =035 ##$$0010-061300000015136 =041 ##$$a Ind =082 ##$$a 372.807.6 =090 ##$$a 372.807 6, SOA-s =100 ##$$a TIm Penulis =245 ##$$a Soal dan Evaluasi Ilmu Pengetahuan Sosial jilid 2 di kerjakan dengan Kunci jawaban, Kelas V caturwulan 1,2 dan 3 Sekolah Dasar, Tim Penulis, Septo Legowo, Tri Suyoto Spd dkk =260 ##$$a 1999 $b Semarang =300 ##$$a V, 79 hlm, Ilus, 22 cm =650 ##$$a Pendidikan Dasar-Soal soal Ilmu Pengetahuan Sosial =850 ##$$a NBPNMAT